000 01081nam a2200181Ia 4500
008 151202s9999||||xx |||||||||||||| ||und||
082 _bPNVM-69502
100 _aडुनांट सारा / अनु - काणे सुनीति.
245 _aसेक्रेट हार्टस - अखेर तिची सुटका मृत्यूच्या दारातून होते.
260 _b"मेहता पब्लिशिंग हाऊस, पुणे."
260 _c69502
300 _a408
600 _aडुनांट सारा / अनु - काणे सुनीति.
630 _aसेक्रेट हार्टस - अखेर तिची सुटका मृत्यूच्या दारातून होते.
700 _aडुनांट सारा / अनु - काणे सुनीति.
730 _aसेक्रेट हार्टस - अखेर तिची सुटका मृत्यूच्या दारातून होते.
942 _cBOOK
999 _c1336012
_d1336009